000 01775cam a2200241 4500500
005 20260222011929.0
041 _afre
042 _adc
100 1 0 _aYvorel, Jean-Jacques
_eauthor
245 0 0 _aVagabondage et errance juvénile dans la bande dessinée
260 _c2024.
500 _a36
520 _aFrom the kid in Paris in the 19th century to the current UAM (for unaccompanied minors), juvenile wandering is one of the social problems that give rise to many penal, legal or socio-educational mechanisms. What forms of wandering have been taken into account in comics and which have been neglected ? To evoke homeless children, does comics turn to fiction or to “reality comics” ? What contribution can this medium make to our understanding of the history of these particularly silent children ?
520 _aDu gamin de Paris du xixe siècle aux actuels MNA (pour mineurs non accompagnés), l’errance juvénile compte au nombre des problèmes sociaux qui suscitent maints dispositifs pénaux, juridiques ou socio-éducatifs. Quelles modalités d’errance ont été « mises en cases » et lesquelles ont été délaissées ? Pour évoquer les enfants sans domicile, la BD se tourne-t-elle vers la fiction ou vers la « bande dessinée du réel » ? Quel peut être l’apport de ce médium à la connaissance de l’histoire de ces enfants particulièrement silencieux ?
690 _abande dessinée
690 _amineur non accompagné
690 _avagabond
690 _acomics
690 _aunaccompanied minor
690 _avagrant
786 0 _nL'irrégulière | 26 | 1 | 2024-09-23 | p. 69-82 | 1962-9419
856 4 1 _uhttps://shs.cairn.info/revue-d-histoire-de-l-enfance-irreguliere-2024-1-page-69?lang=fr&redirect-ssocas=7080
999 _c1670032
_d1670032